000 00543nam a2200169Ia 4500
003 GCL
008 140319s9999 xx 000 0 ara d
040 _aGCL /
_cGCL
082 0 4 _a257.5
_bم س
100 1 _aمحمد عبدالرحمن البكر
245 1 0 _aالسلطة القضائية وشخصية القاضى /
_cمحمد عبدالرحمن البكر
260 _a[S.N] :
_bالزهراء للاعلام العربى ،
_c1988
300 _a789 ص
490 _a
650 0 4 _aالقضاء فى الاسلام
942 _2ddc
_cBK
999 _c52904
_d52904